Mourant & Co Trustees Limited, Mourant Property Trustees Limited v Sixty UK Limited, Peter Hollis, Nicholas O'Reilly (in their capacity as joint supervisors of Sixty UK Ltd) (Record no. 82713)

MARC details
000 -LEADER
fixed length control field 01520cam a22002655a 4500
001 - CONTROL NUMBER
control field L151150
008 - FIXED-LENGTH DATA ELEMENTS--GENERAL INFORMATION
fixed length control field 101004e2010 xxk 000 0 eng d
035 ## - SYSTEM CONTROL NUMBER
System control number (Sirsi) u151150
041 0# - LANGUAGE CODE
Language code of text/sound track or separate title eng
245 00 - TITLE STATEMENT
Title Mourant & Co Trustees Limited, Mourant Property Trustees Limited v Sixty UK Limited, Peter Hollis, Nicholas O'Reilly (in their capacity as joint supervisors of Sixty UK Ltd)
260 ## - PUBLICATION, DISTRIBUTION, ETC.
Date of publication, distribution, etc. 2010
520 ## - SUMMARY, ETC.
Summary, etc. [2010] EWHC 1890 (Ch), 23 July 2010. Challenges the use of company voluntary arrangements (CVAs) by tenant companies following the Powerhouse case (see L138112) to deprive landlords of the benefit of third party guarantees of tenants' liabilities. Held: The CVA imposed on the landlords (M) unfairly prejudiced their interests and must be set aside. Respondent S's joint administrators had sided with S instead of being impartial.
590 ## - LOCAL NOTE (RLIN)
Local note KA
650 24 - SUBJECT ADDED ENTRY--TOPICAL TERM
Topical term or geographic name entry element MOURANT & CO LTD V SIXTY UK LTD (IN ADMINISTRATION)
650 24 - SUBJECT ADDED ENTRY--TOPICAL TERM
Topical term or geographic name entry element PRUDENTIAL ASSURANCE CO LTD AND OTHERS V PRG POWERHOUSE LTD AND OTHERS
650 24 - SUBJECT ADDED ENTRY--TOPICAL TERM
Topical term or geographic name entry element SISU CAPITAL FUND LTD V TUCKER
650 24 - SUBJECT ADDED ENTRY--TOPICAL TERM
Topical term or geographic name entry element RE T & N LTD
650 24 - SUBJECT ADDED ENTRY--TOPICAL TERM
Topical term or geographic name entry element RE A DEBTOR (NO 101 OF 1999)
650 24 - SUBJECT ADDED ENTRY--TOPICAL TERM
Topical term or geographic name entry element RE ENGLISH, SCOTTISH AND AUSTRALIAN BANK
650 24 - SUBJECT ADDED ENTRY--TOPICAL TERM
Topical term or geographic name entry element INSOLVENCY ACT 1986 S6
651 #4 - SUBJECT ADDED ENTRY--GEOGRAPHIC NAME
Geographic name England and Wales
Chronological subdivision 1543-
690 ## - LOCAL SUBJECT ADDED ENTRY--TOPICAL TERM (OCLC, RLIN)
Topical term or geographic name as entry element PROPERTY-COMMERCIAL PROPERTY-LEASEHOLD COMMERCIAL PROPERTY-COMMERCIAL LANDLORD AND TENANT
856 48 - ELECTRONIC LOCATION AND ACCESS
Uniform Resource Identifier <a href="https://www.bailii.org/ew/cases/EWHC/Ch/2010/1890.html">https://www.bailii.org/ew/cases/EWHC/Ch/2010/1890.html</a>
Public note View the law report free of charge at www.bailii.org
942 ## - ADDED ENTRY ELEMENTS (KOHA)
Suppress in OPAC 0
Holdings
Withdrawn status Lost status Source of classification or shelving scheme Damaged status Not for loan Home library Current library Shelving location Date acquired Total Checkouts Full call number Barcode Date last seen Copy number Price effective from Koha item type
    Dewey Decimal Classification     Virtual Virtual Online 04/10/2010   ONLINE PUBLICATION 151150-2001 06/08/2019 1 06/08/2019 Law report